Countries of the Balkan Wars - Statistics

General Stats
  • This quiz has been taken 64 times
  • The average score is 5 of 6
Answer Stats
Answer % Correct
Serbia
97%
Bulgaria
95%
Greece
93%
Montenegro
91%
Romania
91%
Ottoman Empire
79%
No matching quizzes found
Score Distribution
Percent of People with Each Score
Percentile by Number Answered
Your Score History
You have not taken this quiz